[Event "Valencia CEX-CAA 4th"]
[Site "Valencia"]
[Date "2019.11.02"]
[Round "3.10"]
[White "Soriano Folch, Jonathan"]
[Black "Garcia Martin, Javier Antonio"]
[Result "1-0"]
[WhiteElo "1876"]
[BlackElo "1594"]
[PlyCount "71"]
[EventDate "2019.10.19"]
[EventType "swiss"]
[EventRounds "7"]
[EventCountry "ESP"]
[SourceTitle "EXT 2024"]
[Source "ChessBase"]
[SourceDate "2023.10.10"]
[SourceVersion "1"]
[SourceVersionDate "2023.10.10"]
[SourceQuality "1"]

1. e4 e5 2. Nf3 Nf6 3. Nc3 Nc6 4. d4 exd4 5. Nxd4 Bb4 6. Nxc6 bxc6 7. Bd3 d5 8. exd5 cxd5 9. 0-0 0-0 10. Bg5 c6 11. Ne2 Bd6 12. Ng3 h6 13. Bd2 Qc7 14. Re1 c5 15. c3 a5 16. Qc2 Bd7 17. Re2 c4 18. Bf5 Bxf5 19. Qxf5 Qd7 20. Qxd7 Nxd7 21. Nf5 Bc5 22. Ne7+ Bxe7 23. Rxe7 Nf6 24. f3 Rfe8 25. Rae1 Rxe7 26. Rxe7 Re8 27. Rxe8+ Nxe8 28. Kf2 f5 29. Ke3 Kf7 30. Kd4 Ke6 31. Kc5 Ke5 32. Kb5 Nd6+ 33. Kxa5 d4 34. Kb4 d3 35. Kc5 f4 36. a4 1-0

[Event "Xativa Social Club"]
[Site "Xativa"]
[Date "2017.05.13"]
[Round "3"]
[White "Dominguez Santandreu, Vicente"]
[Black "Garcia Martin, Javier Antonio"]
[Result "0-1"]
[WhiteElo "1280"]
[BlackElo "1649"]
[PlyCount "36"]
[EventDate "2017.04.29"]
[EventType "swiss"]
[EventRounds "7"]
[EventCountry "ESP"]
[SourceTitle "EXT 2024"]
[Source "ChessBase"]
[SourceDate "2023.10.10"]
[SourceVersion "1"]
[SourceVersionDate "2023.10.10"]
[SourceQuality "1"]

1. e4 e5 2. Nf3 Nc6 3. d4 exd4 4. Bc4 h6 5. Nxd4 Nxd4 6. Qxd4 d6 7. Nc3 Nf6 8. 0-0 Be7 9. Re1 0-0 10. b3 c6 11. Re3 Ng4 12. Rg3 Bf6 13. Qd2 Bh4 14. Rxg4 Bxg4 15. Qf4 Qf6 16. Qxf6 Bxf6 17. Bd2 b5 18. Bd3 b4 0-1